000 00669nam a2200217Ia 4500
001 70596
003 PK-LaUMT
005 20260406094208.0
008 160116s9999||||xx |||||||||||||| ||und||
020 _a9780470674185
040 _cPK-LaUMT
082 _a613.269
_bMIL-
245 0 0 _aMilk and dairy products in human nutrition :
_bcomposition, production and health /
_cedited by Young W. Park and George F. W. Haenlein
260 _aSussex :
_bJohn Wiley & Sons,
_c2013
300 _a700 p.
546 _aEN
650 _aDairy products in human nutrition
_910386
700 1 _aPark, Young W.
_910387
700 1 _aHaenlein, George F. W.
_910388
942 _cBK
_2ddc
999 _c81646
_d81646